000 00650nam a2200217Ia 4500
005 20250508160512.0
008 008 250505s9999 xx 000 0 eng d
037 _aTextual
040 _aFEDL
_beng
_cFEDL
041 _aeng
_2eng
084 _a155.413, PIA
_qFEDL
100 _aFlavell John H
245 0 _aDevelopment psychology of Jean Piaget
260 _aNew Jersey, USA
_bD. Van Nostrand Company
_c1963
300 _axvi,472p.
490 _aUniversity series in psychology
546 _aAcc No. 086384 is MACESE book
650 _aDevelopmental psychology
942 _cTEXL
_h155.413, PIA
999 _c1365011
_d1365011